<?xml version="1.0" encoding="UTF-8"?>
<record
    xmlns:xsi="http://www.w3.org/2001/XMLSchema-instance"
    xsi:schemaLocation="http://www.loc.gov/MARC21/slim http://www.loc.gov/standards/marcxml/schema/MARC21slim.xsd"
    xmlns="http://www.loc.gov/MARC21/slim">

  <leader>02574cam a2200277   4500</leader>
  <controlfield tag="001">7069</controlfield>
  <controlfield tag="005">20181127182835.0</controlfield>
  <controlfield tag="008">060522s2006    nyua          001 0 eng d</controlfield>
  <datafield tag="020" ind1=" " ind2=" ">
    <subfield code="a">0072262451</subfield>
  </datafield>
  <datafield tag="020" ind1=" " ind2=" ">
    <subfield code="a">9780072262452</subfield>
  </datafield>
  <datafield tag="082" ind1="0" ind2="4">
    <subfield code="a">006.786</subfield>
    <subfield code="2">22</subfield>
  </datafield>
  <datafield tag="100" ind1="1" ind2=" ">
    <subfield code="a">Blake, Bonnie.</subfield>
  </datafield>
  <datafield tag="245" ind1="1" ind2="0">
    <subfield code="a">How to do everything with Flash 8 /</subfield>
    <subfield code="c">Bonnie Blake, Doug Sahlin.</subfield>
  </datafield>
  <datafield tag="246" ind1="3" ind2=" ">
    <subfield code="a">Flash 8</subfield>
  </datafield>
  <datafield tag="260" ind1=" " ind2=" ">
    <subfield code="a">New York :</subfield>
    <subfield code="b">McGraw-Hill/Osborne,</subfield>
    <subfield code="c">c2006</subfield>
  </datafield>
  <datafield tag="300" ind1=" " ind2=" ">
    <subfield code="a">xxii, 488 p. :</subfield>
    <subfield code="b">ill. ;</subfield>
    <subfield code="c">24 cm.</subfield>
  </datafield>
  <datafield tag="500" ind1=" " ind2=" ">
    <subfield code="a">Includes index.</subfield>
  </datafield>
  <datafield tag="505" ind1=" " ind2=" ">
    <subfield code="a">CONTENTS: Part I - Learn the Building Blocks of Flash --   Chapter 1:  Make a Flash movie -- Chapter 2: Get to Know  the Flash  Workspace -- Part II - Add Graphic Elements to  Your Flash  Movies -- Chapter 3: Make simple graphics --   Chapter 4:  Design with Text -- Chapter 5: Manipulate  Graphics and  Text -- Chapter 6: Add images to your Flash  movies -- Chapter  7: Work with video and sound --  Chapter 8: Create and store  symbols in the library -- Part III - Put your Flash movie  in motion; Chapter 9:  Learn the Basics of Flash  Animation -- Chapter 10:  Streamline animation using  timeline effects -- Chapter  11: Incorporate Motion Tweening  into Your Design --   Chapter 12: Use Shape Tweening to  Animate -- Chapter 13:  Grasp the Concept Behind Buttons and  Movie Clips -- Part  IV - Lay the Groundwork for Flash  interactivity -- Chapter 14: Use behaviors to create  interactive movies - - Chapter 15: Use ActionScript to  Create Simple  Interactivity -- Chapter 16: Add advanced  interactivity  with ActionsScript -- Part V - Embellish and  publish  your Flash movies -- Chapter 17: Use Flash  components --  Chapter 18: Test and publish your Flash  movies --  APPENDIX A: FLASH RESOURCES GUIDE.</subfield>
    <subfield code="g"></subfield>
    <subfield code="r"></subfield>
    <subfield code="t"></subfield>
  </datafield>
  <datafield tag="520" ind1=" " ind2=" ">
    <subfield code="a">Bring new life to your graphics and easily create and  publish movies, sound files, presentations, interactive  web content, and much more with help from this step-by- step guide. How to Do Everything with Flash 8 shows you  how to get the most from this tremendously powerful  multimedia design tool through easy-to-follow and well- organized bits of information. Fully updated to cover all  the new and existing Flash features--including advanced  interactivity with ActionScript--this valuable resource  will help you discover why Flash is the world's most  popular web graphics application.</subfield>
  </datafield>
  <datafield tag="630" ind1="0" ind2="0">
    <subfield code="a">Flash (Computer file)</subfield>
  </datafield>
  <datafield tag="650" ind1=" " ind2="0">
    <subfield code="a">Computer animation.</subfield>
  </datafield>
  <datafield tag="650" ind1=" " ind2="0">
    <subfield code="a">Computer graphics.</subfield>
  </datafield>
  <datafield tag="650" ind1=" " ind2="0">
    <subfield code="a">Web sites</subfield>
    <subfield code="x">Design.</subfield>
  </datafield>
  <datafield tag="700" ind1="1" ind2=" ">
    <subfield code="a">Sahlin, Doug.</subfield>
  </datafield>
  <datafield tag="999" ind1=" " ind2=" ">
    <subfield code="c">5998</subfield>
    <subfield code="d">5998</subfield>
  </datafield>
  <datafield tag="952" ind1=" " ind2=" ">
    <subfield code="0">0</subfield>
    <subfield code="1">0</subfield>
    <subfield code="2">ddc</subfield>
    <subfield code="4">0</subfield>
    <subfield code="7">0</subfield>
    <subfield code="8">MAIN</subfield>
    <subfield code="a">RTCLIB</subfield>
    <subfield code="b">RTCLIB</subfield>
    <subfield code="c">MAIN</subfield>
    <subfield code="d">2021-03-19</subfield>
    <subfield code="h"> </subfield>
    <subfield code="i">10904</subfield>
    <subfield code="o">006.7 BLA</subfield>
    <subfield code="p">30010811</subfield>
    <subfield code="r">2018-11-27 00:00:00</subfield>
    <subfield code="w">2018-11-27</subfield>
    <subfield code="y">MAIN</subfield>
  </datafield>
</record>
